[Event "VI Festival B"]
[Site "Trieste ITA"]
[Date "2004.09.11"]
[Round "8"]
[White "Tomio, Dante"]
[Black "Masella, Vincenzo"]
[Result "1/2-1/2"]
[WhiteElo "1882"]
[BlackElo "1682"]
[PlyCount "71"]
[EventDate "2004.09.04"]

1. d4 c6 2. Nf3 d5 3. Bf4 Nf6 4. e3 g6 5. Bd3 Bg7 6. Nbd2 Nbd7 7. Qe2 Qb6 8.
Rb1 Nh5 9. Bg3 O-O 10. c3 Re8 11. O-O Nxg3 12. hxg3 e5 13. dxe5 Nxe5 14. Nxe5
Rxe5 15. Nf3 Bg4 16. Qd1 Rae8 17. Be2 Bxf3 18. Bxf3 a6 19. Re1 Qc7 20. Qc2 f5
21. Kf1 b5 22. a4 Rb8 23. axb5 axb5 24. b3 Ree8 25. c4 bxc4 26. bxc4 Rxb1 27.
Rxb1 d4 28. exd4 Bxd4 29. c5 Qe5 30. Bxc6 Rc8 31. Qb3+ Kg7 32. Re1 Qc7 33. Re6
Rb8 34. Qd3 Rd8 35. Qc4 Qa7 36. Re8 1/2-1/2

[Event "VI Festival B"]
[Site "Trieste ITA"]
[Date "2004.09.12"]
[Round "9"]
[White "Chiesa, Roberto"]
[Black "Tomio, Dante"]
[Result "1/2-1/2"]
[WhiteElo "1682"]
[BlackElo "1882"]
[PlyCount "67"]
[EventDate "2004.09.04"]

1. d4 d5 2. c4 c6 3. Nc3 Nf6 4. Nf3 dxc4 5. a4 Bf5 6. e3 e6 7. Bxc4 Bb4 8. O-O
Nbd7 9. Qb3 a5 10. Na2 Be7 11. Qxb7 Rb8 12. Qa6 Be4 13. Be2 Ra8 14. Qc4 Nb6 15.
Qb3 Rb8 16. Ne5 O-O 17. Nc3 Nbd5 18. Qd1 Nxc3 19. bxc3 Qc7 20. f3 Bg6 21. Nxg6
hxg6 22. e4 Rfd8 23. Ba3 Bxa3 24. Rxa3 c5 25. Bb5 cxd4 26. cxd4 Qb6 27. Rd3 e5
28. Rf2 Rxd4 29. Rxd4 exd4 30. Qd3 Rd8 31. Rc2 g5 32. g3 Qd6 33. Kg2 Qe7 34.
Rc4 1/2-1/2

[Event "VI Festival B"]
[Site "Trieste ITA"]
[Date "2004.09.12"]
[Round "9"]
[White "D'Ascanio, Davide"]
[Black "Stampalia, Piergiorgio"]
[Result "1/2-1/2"]
[WhiteElo "1625"]
[BlackElo "1562"]
[PlyCount "36"]
[EventDate "2004.09.04"]

1. e4 e6 2. d4 d5 3. exd5 exd5 4. Nf3 Be7 5. Be2 Nf6 6. O-O O-O 7. Nc3 c6 8. h3
Be6 9. Bf4 Nbd7 10. Re1 h6 11. Bd3 Re8 12. Ne5 Bb4 13. Qd2 Bf8 14. Ne2 Ne4 15.
Bxe4 dxe4 16. Nc3 f5 17. Ng6 Qf6 18. Nxf8 Rxf8 1/2-1/2

[Event "VI Festival B"]
[Site "Trieste ITA"]
[Date "2004.09.12"]
[Round "9"]
[White "Fantini, Marco"]
[Black "Miele, Roberto"]
[Result "1/2-1/2"]
[WhiteElo "1852"]
[BlackElo "1877"]
[PlyCount "61"]
[EventDate "2004.09.04"]

1. d4 Nf6 2. Nc3 d5 3. Bg5 c5 4. e4 dxe4 5. d5 Qa5 6. Qd2 Bf5 7. Nge2 Nbd7 8.
Ng3 Bg6 9. O-O-O O-O-O 10. Kb1 h6 11. Bf4 Nh5 12. Nb5 b6 13. Qxa5 bxa5 14. Bc7
Re8 15. Bxa5 Kb7 16. Nc7 Rd8 17. Ba6+ Kb8 18. Be2 Nxg3 19. hxg3 Nb6 20. Na6+
Kc8 21. Bb5 Kb7 22. Nxc5+ Kc7 23. Bc6 e5 24. Na6+ Kc8 25. g4 f6 26. Rh3 Be8 27.
Rc3 Bxc6 28. Rxc6+ Kb7 29. Nc5+ Bxc5 30. Rxc5 Rd7 31. b3 1/2-1/2

[Event "VI Festival B"]
[Site "Trieste ITA"]
[Date "2004.09.12"]
[Round "9"]
[White "Masella, Vincenzo"]
[Black "Rizzardi, Franco"]
[Result "0-1"]
[WhiteElo "1682"]
[BlackElo "1886"]
[PlyCount "84"]
[EventDate "2004.09.04"]

1. c4 e5 2. Nc3 Nf6 3. g3 d5 4. cxd5 Nxd5 5. Bg2 Nb6 6. Nf3 Nc6 7. O-O Be7 8.
d3 O-O 9. Be3 Be6 10. Rc1 Kh8 11. a3 f5 12. Bd2 Bf6 13. b4 a6 14. Qc2 Rc8 15.
Rb1 Qe7 16. Na4 Nxa4 17. Qxa4 e4 18. Ne1 Ba2 19. b5 Bxb1 20. bxc6 bxc6 21. Bb4
c5 22. Bd2 Qd6 23. Be3 Bd4 24. Bf4 Qe7 25. h4 exd3 26. exd3 Qe2 27. Nf3 Bxd3
28. Nxd4 cxd4 29. Qxd4 Rcd8 30. Qc5 Qc2 31. Qxc2 Bxc2 32. Bxc7 Rd1 33. Rxd1
Bxd1 34. Bf1 Rc8 35. Bd6 a5 36. Kg2 Kg8 37. Bd3 g6 38. Be5 Bb3 39. Kf3 Kf7 40.
Kf4 h6 41. g4 fxg4 42. Kxg4 a4 0-1

[Event "VI Festival B"]
[Site "Trieste ITA"]
[Date "2004.09.12"]
[Round "9"]
[White "Menon, Michele"]
[Black "Patino Zuliani, Nicolas"]
[Result "1/2-1/2"]
[WhiteElo "1609"]
[BlackElo "1446"]
[PlyCount "136"]
[EventDate "2004.09.04"]

1. c4 Nf6 2. Nc3 e6 3. e4 d6 4. d4 Be7 5. Nf3 O-O 6. Be2 c5 7. O-O cxd4 8. Nxd4
Nc6 9. Nc2 Ne5 10. Be3 Bd7 11. Nd4 Nc6 12. Nc2 a6 13. Qd2 Rc8 14. Rad1 h6 15.
f4 Nb8 16. e5 dxe5 17. fxe5 Nh7 18. Ba7 Bc5+ 19. Bxc5 Rxc5 20. Ne4 Rxe5 21. Qd4
Ra5 22. a3 Rf5 23. Rxf5 exf5 24. Nc5 Nf6 25. Nxb7 Qc8 26. Bf3 Ba4 27. Rd2 Bxc2
28. Rxc2 Nc6 29. Bxc6 Qxc6 30. Nc5 Re8 31. Nd3 Qc7 32. c5 Ng4 33. Qd6 Qe7 34.
Qxe7 Rxe7 35. c6 Rc7 36. b4 Kf8 37. a4 Ke7 38. b5 axb5 39. axb5 Kd6 40. h3 Ne3
41. Rc1 Nd5 42. Kf2 Ra7 43. Kf3 f6 44. Nc5 Ra3+ 45. Kf2 Ra2+ 46. Kg1 Rb2 47.
Nb7+ Kc7 48. Rd1 Rxb5 49. Kh2 f4 50. Rc1 g6 51. Nc5 Kb6 52. Ne6 Nc7 53. Nd8 Rc5
54. Rb1+ Rb5 55. Rc1 Rc5 56. Rb1+ Nb5 57. Kg1 h5 58. Ne6 Rxc6 59. Nd4 Rc5 60.
Ne6 Rd5 61. Ng7 h4 62. Ne8 Kc6 63. Nxf6 Re5 64. Ng4 Rd5 65. Re1 Kd6 66. Ra1 Ke6
67. Ra6+ Kf5 68. Rf6+ Ke4 1/2-1/2

[Event "VI Festival B"]
[Site "Trieste ITA"]
[Date "2004.09.12"]
[Round "9"]
[White "Milinkovic, Zdravko"]
[Black "Samuelli, Daniele"]
[Result "1-0"]
[WhiteElo "1700"]
[BlackElo "1703"]
[PlyCount "79"]
[EventDate "2004.09.04"]

1. d4 e6 2. c4 d5 3. Nc3 c6 4. cxd5 exd5 5. Nf3 Bd6 6. Bg5 f6 7. Bh4 Ne7 8. e3
Qb6 9. Qd2 Nf5 10. Bd3 Nxh4 11. Nxh4 g6 12. Qc2 Be6 13. O-O Nd7 14. h3 f5 15.
Nf3 O-O 16. Ng5 Rae8 17. a3 Qd8 18. h4 h6 19. Nxe6 Rxe6 20. g3 Nf6 21. Ne2 Ng4
22. Nf4 Ref6 23. Be2 Qe8 24. Bxg4 fxg4 25. Qd1 Qd7 26. Qd3 Kg7 27. Rae1 Qf7 28.
Qe2 Qd7 29. Qc2 Bxf4 30. exf4 Qf5 31. Qb3 R8f7 32. Re5 Qd7 33. Rfe1 Rf5 34. Qd1
g5 35. Rxf5 Qxf5 36. Re5 Qg6 37. hxg5 h5 38. Qe2 Kf8 39. Re8+ Kg7 40. Qe5+ 1-0

[Event "VI Festival B"]
[Site "Trieste ITA"]
[Date "2004.09.12"]
[Round "9"]
[White "Orsatti, Marcello"]
[Black "Clarini, Ivo"]
[Result "1/2-1/2"]
[WhiteElo "1644"]
[BlackElo "1733"]
[PlyCount "55"]
[EventDate "2004.09.04"]

1. c4 Nf6 2. Nc3 d6 3. g3 Bd7 4. Bg2 Bc6 5. Nf3 e5 6. d3 a5 7. O-O Be7 8. a3
O-O 9. Rb1 e4 10. Nd4 exd3 11. exd3 Bxg2 12. Kxg2 Qd7 13. Qf3 Nc6 14. Nxc6 Qxc6
15. Qxc6 bxc6 16. Re1 Rfe8 17. Bg5 h6 18. Be3 Nd7 19. f4 Bf6 20. Ne4 Kf8 21.
Kf3 c5 22. Bd2 Bd4 23. Bc3 f5 24. Nd2 Rxe1 25. Rxe1 Bxc3 26. bxc3 Rb8 27. Rb1
Rxb1 28. Nxb1 1/2-1/2

[Event "C.to Provinciale AP-MC"]
[Site "Morrovalle ITA"]
[Date "2004.05.15"]
[Round "1"]
[White "Gasparroni, Roberto"]
[Black "Giobbi, Costantino"]
[Result "0-1"]
[WhiteElo "1536"]
[BlackElo "1867"]
[PlyCount "32"]
[EventDate "2004.05.15"]

1. d4 Nf6 2. c4 g6 3. Nc3 d5 4. Bg5 Ne4 5. Nxe4 dxe4 6. e3 c6 7. f3 Qa5+ 8. Qd2
Qxg5 9. fxe4 Bh6 10. Ke2 O-O 11. Kd3 f5 12. exf5 Qxf5+ 13. Kc3 c5 14. Nf3 Nc6
15. Bd3 cxd4+ 16. Nxd4 Qa5+ 0-1

[Event "C.to Provinciale AP-MC"]
[Site "Morrovalle ITA"]
[Date "2004.05.15"]
[Round "1"]
[White "Marozzi, Giovanni"]
[Black "Olivieri, Gianni"]
[Result "1-0"]
[WhiteElo "1898"]
[BlackElo "1664"]
[PlyCount "73"]
[EventDate "2004.05.15"]

1. e4 d6 2. c4 Nf6 3. Nc3 g6 4. d4 Bg7 5. Be3 O-O 6. Qd2 e5 7. d5 Ng4 8. Bg5 f6
9. Bh4 Qe8 10. h3 Nh6 11. g4 Kh8 12. Be2 Bd7 13. g5 Ng8 14. gxf6 Nxf6 15. Bg5
a5 16. O-O-O Na6 17. Bxf6 Rxf6 18. Bg4 Qf8 19. Qe1 Qf7 20. f3 Nc5 21. Bxd7 Qxd7
22. h4 Rb8 23. b3 Ra8 24. Kc2 c6 25. Qe3 b5 26. dxc6 Qxc6 27. cxb5 Qb7 28. a4
Rd8 29. Nh3 Qc8 30. Kb2 Rdf8 31. Rdf1 Qe6 32. Nd5 Bh6 33. Qxh6 Rxf3 34. Rxf3
Rxf3 35. Ng5 Rxb3+ 36. Kc2 Qg8 37. Rf1 1-0

[Event "C.to Provinciale AP-MC"]
[Site "Morrovalle ITA"]
[Date "2004.05.16"]
[Round "2"]
[White "Fratini, Mauro"]
[Black "Marozzi, Giovanni"]
[Result "0-1"]
[WhiteElo "1787"]
[BlackElo "1898"]
[PlyCount "90"]
[EventDate "2004.05.15"]

1. d4 d5 2. Bf4 c5 3. e3 Nc6 4. c3 Nf6 5. Nd2 Bg4 6. Ngf3 e6 7. Bd3 cxd4 8.
exd4 Bd6 9. Bg3 O-O 10. Qc2 Rc8 11. O-O Nb4 12. Qb1 Nxd3 13. Qxd3 Bf5 14. Qe3
Bxg3 15. fxg3 Qb6 16. Nh4 Qxb2 17. Nxf5 exf5 18. Rab1 Qxc3 19. Qxc3 Rxc3 20.
Rxb7 Rc2 21. Nb3 Rxa2 22. Rxf5 Re8 23. Nc1 Ra1 24. Rf1 Ra8 25. Nb3 Rxf1+ 26.
Kxf1 g6 27. Nc5 a5 28. Na4 Kg7 29. Ke2 Kf8 30. Kf3 g5 31. h3 Ke8 32. g4 Kf8 33.
Rb6 Ng8 34. Ke3 Re8+ 35. Kd3 Re1 36. Nc3 Ne7 37. Rb5 a4 38. Nxa4 Rg1 39. Rb2
Ng6 40. Nb6 Nf4+ 41. Kc3 Ke7 42. Kb4 Nd3+ 43. Kc3 Nxb2 44. Nxd5+ Ke6 45. Nc7+
Kd6 0-1

[Event "C.to Provinciale AP-MC"]
[Site "Morrovalle ITA"]
[Date "2004.05.16"]
[Round "2"]
[White "Giobbi, Costantino"]
[Black "Perogio, Lorenzo"]
[Result "1-0"]
[WhiteElo "1867"]
[BlackElo "1808"]
[PlyCount "73"]
[EventDate "2004.05.15"]

1. e4 e5 2. Nf3 Nc6 3. Bb5 Nf6 4. d3 d6 5. c3 g6 6. Nbd2 Bg7 7. Nf1 O-O 8. Ng3
Nd7 9. Ba4 Nc5 10. Bc2 a5 11. O-O Ne7 12. d4 Nd7 13. Qe2 Qe8 14. Qc4 b5 15. Qe2
Ba6 16. Bd3 c6 17. a4 Qb8 18. Rd1 Qb6 19. dxe5 Nxe5 20. Nxe5 dxe5 21. Be3 Qb7
22. Bc5 Rfb8 23. axb5 Bxb5 24. c4 Ba6 25. Rxa5 Bf8 26. Rda1 Nc8 27. Bxf8 Kxf8
28. b4 Nd6 29. Qa2 Bxc4 30. Bxc4 Rxa5 31. bxa5 Qb4 32. Bf1 Nxe4 33. Nxe4 Qxe4
34. a6 Qd4 35. Rb1 Ra8 36. Rb7 Kg7 37. Qxf7+ 1-0

[Event "C.to Provinciale AP-MC"]
[Site "Morrovalle ITA"]
[Date "2004.05.16"]
[Round "3"]
[White "Gasparroni, Roberto"]
[Black "Olivieri, Gianni"]
[Result "1-0"]
[WhiteElo "1536"]
[BlackElo "1664"]
[PlyCount "65"]
[EventDate "2004.05.15"]

1. c4 Nf6 2. Nc3 g6 3. g3 Bg7 4. Bg2 O-O 5. d4 d6 6. Nf3 Qe8 7. Bf4 Nh5 8. Bd2
Nd7 9. Qc1 e5 10. d5 Nc5 11. Ng5 Rb8 12. Nge4 Nxe4 13. Bxe4 f5 14. Bc2 Rf7 15.
Bh6 Bf8 16. Qd2 a6 17. a4 Be7 18. e4 Ng7 19. O-O-O Qd8 20. f4 fxe4 21. Nxe4
exf4 22. gxf4 Nf5 23. Bg5 Qf8 24. h4 h6 25. Bxe7 Nxe7 26. Rdg1 Rxf4 27. h5 Bg4
28. hxg6 Nxg6 29. Qd4 Ne5 30. Bd1 Nf3 31. Bxf3 Rxf3 32. Rxg4+ Kh7 33. Ng5+ 1-0

[Event "C.to Provinciale AP-MC"]
[Site "Morrovalle ITA"]
[Date "2004.05.16"]
[Round "3"]
[White "Marinucci, Johnny"]
[Black "Fratini, Mauro"]
[Result "0-1"]
[WhiteElo "1703"]
[BlackElo "1787"]
[PlyCount "90"]
[EventDate "2004.05.15"]

1. d4 d5 2. Nf3 Nf6 3. Bf4 c5 4. e3 Nc6 5. c3 Qb6 6. Qb3 c4 7. Qxb6 axb6 8.
Nbd2 Bf5 9. Be2 b5 10. a3 e6 11. O-O Be7 12. h3 h6 13. Ne1 b4 14. cxb4 Nxb4 15.
g4 Bh7 16. Nef3 Nd3 17. Bxd3 Bxd3 18. Rfe1 O-O 19. g5 hxg5 20. Bxg5 Rfc8 21.
Ne5 Bd8 22. Rec1 Bf5 23. Kh2 g6 24. Nb1 Kg7 25. Nc3 Bc7 26. f3 Bd3 27. Kg2 Bxe5
28. dxe5 Nd7 29. Bf4 Nc5 30. Re1 Rc6 31. e4 dxe4 32. Nxe4 Bxe4 33. fxe4 Nd3 34.
Rf1 Nxb2 35. Ra2 Nd3 36. Bg5 b5 37. Bf6+ Kf8 38. Kf3 b4 39. Rg2 Rxa3 40. Kg4 b3
41. h4 b2 42. h5 Ra1 43. h6 Rxf1 44. h7 Rh1 45. Bh4 Kg7 0-1

[Event "C.to Provinciale AP-MC"]
[Site "Morrovalle ITA"]
[Date "2004.05.16"]
[Round "3"]
[White "Marozzi, Giovanni"]
[Black "Giobbi, Costantino"]
[Result "1-0"]
[WhiteElo "1898"]
[BlackElo "1867"]
[PlyCount "41"]
[EventDate "2004.05.15"]

1. e4 c5 2. Nf3 d6 3. d4 cxd4 4. Nxd4 Nf6 5. Nc3 a6 6. Bc4 e6 7. O-O Be7 8. Be3
O-O 9. f4 Qc7 10. Bb3 b5 11. a3 Bb7 12. Qf3 Nbd7 13. f5 Nc5 14. fxe6 Nxb3 15.
cxb3 Rac8 16. Rac1 Qb8 17. Nf5 Rce8 18. Qg3 Nh5 19. exf7+ Rxf7 20. Nh6+ Kf8 21.
Rxf7# 1-0

[Event "C.to Provinciale AP-MC"]
[Site "Morrovalle ITA"]
[Date "2004.05.22"]
[Round "4"]
[White "Fratini, Mauro"]
[Black "Gasparroni, Roberto"]
[Result "1-0"]
[WhiteElo "1787"]
[BlackElo "1536"]
[PlyCount "81"]
[EventDate "2004.05.15"]

1. d4 Nf6 2. Nf3 g6 3. Bf4 Bg7 4. e3 O-O 5. h3 d6 6. Be2 b6 7. c4 c5 8. Nc3 a6
9. O-O Bb7 10. Qb3 Nbd7 11. d5 Ne8 12. Bg5 Qc7 13. Bxe7 Nef6 14. Bxf8 Rxf8 15.
a4 a5 16. Qc2 Nb8 17. Nb5 Qe7 18. Nd2 Na6 19. Bf3 Nb4 20. Qb1 Bc8 21. e4 Nh5
22. Bxh5 gxh5 23. Nf3 f5 24. Re1 f4 25. h4 Be5 26. Nc3 Qg7 27. Qd1 Bh3 28. Ng5
Bxg2 29. Kxg2 f3+ 30. Kh3 h6 31. Rg1 Qd7+ 32. Ne6+ Kh8 33. Rg6 Rf4 34. Rxh6+
Kg8 35. Qg1+ Rg4 36. Rg6+ Rxg6 37. Qxg6+ Bg7 38. Qxh5 Nd3 39. Qxf3 Ne5 40. Qh5
Nxc4 41. Rg1 1-0

[Event "C.to Provinciale AP-MC"]
[Site "Morrovalle ITA"]
[Date "2004.05.22"]
[Round "4"]
[White "Giobbi, Costantino"]
[Black "Marinucci, Johnny"]
[Result "1-0"]
[WhiteElo "1867"]
[BlackElo "1703"]
[PlyCount "75"]
[EventDate "2004.05.15"]

1. c4 e5 2. Nc3 Nf6 3. g3 g6 4. Bg2 Bg7 5. d3 O-O 6. Nf3 Nc6 7. O-O d6 8. Bd2
Bd7 9. Rb1 a5 10. a3 h6 11. b4 axb4 12. axb4 Qc8 13. Ne1 Bh3 14. Nc2 Bxg2 15.
Kxg2 Ne7 16. e4 g5 17. Ne3 Nh7 18. Ned5 Nxd5 19. Nxd5 Qd7 20. Ne3 Ra3 21. Ra1
Rfa8 22. Rxa3 Rxa3 23. Qc2 c6 24. Bc1 Ra8 25. Nf5 Nf8 26. h4 Ne6 27. Be3 Qd8
28. Qe2 d5 29. Qh5 Qf6 30. Rh1 d4 31. Bc1 Kf8 32. hxg5 hxg5 33. Nxg7 Qxg7 34.
Qh8+ Qg8 35. Qf6 Ng7 36. Bxg5 Ne8 37. Bh6+ Ng7 38. Bxg7+ 1-0

[Event "C.to Provinciale AP-MC"]
[Site "Morrovalle ITA"]
[Date "2004.05.22"]
[Round "4"]
[White "Perogio, Lorenzo"]
[Black "Marozzi, Giovanni"]
[Result "1-0"]
[WhiteElo "1808"]
[BlackElo "1898"]
[PlyCount "117"]
[EventDate "2004.05.15"]

1. e4 c6 2. d4 d5 3. Nc3 dxe4 4. Nxe4 Bf5 5. Ng3 Bg6 6. Nf3 e6 7. h4 h6 8. h5
Bh7 9. Bd3 Nf6 10. Bxh7 Nxh7 11. Qd3 Nf6 12. Bd2 Bd6 13. Rh4 Nbd7 14. O-O-O Qc7
15. Ne2 O-O-O 16. Kb1 Rhe8 17. Qb3 c5 18. Qa4 Kb8 19. Nc3 a6 20. Ne4 Nxe4 21.
Rxe4 Rc8 22. Rde1 Nf6 23. Rh4 c4 24. Ne5 Nd5 25. Rg4 f6 26. Nd7+ Ka7 27. Rxg7
Re7 28. Rxe7 Bxe7 29. Rxe6 c3 30. Bxc3 Nxc3+ 31. bxc3 Qxc3 32. Qb3 Bb4 33. Qxc3
Bxc3 34. Nxf6 Bxd4 35. Ng4 Rg8 36. f3 Bc3 37. a4 b5 38. axb5 axb5 39. Rxh6 Kb7
40. Ka2 b4 41. Kb3 Rg5 42. Rh7+ Kb6 43. h6 Ra5 44. Kc4 Rc5+ 45. Kd3 Rd5+ 46.
Ke4 Rd4+ 47. Kf5 Rd2 48. Ne3 Re2 49. Nd5+ Kc5 50. Nxc3 bxc3 51. Rc7+ Kd4 52. h7
Re8 53. Rg7 Rh8 54. Kg6 Ke3 55. Rg8 Rxh7 56. Kxh7 Kd2 57. f4 Kxc2 58. Rc8 Kd2
59. f5 1-0

[Event "C.to Provinciale AP-MC"]
[Site "Morrovalle ITA"]
[Date "2004.05.23"]
[Round "5"]
[White "Fratini, Mauro"]
[Black "Giobbi, Costantino"]
[Result "1/2-1/2"]
[WhiteElo "1787"]
[BlackElo "1867"]
[PlyCount "67"]
[EventDate "2004.05.15"]

1. d4 c5 2. e3 Nf6 3. Nf3 g6 4. c3 b6 5. Nbd2 Bb7 6. Be2 Bg7 7. O-O O-O 8. Re1
d6 9. Bf1 Nbd7 10. Nc4 Ne4 11. Bd3 Qc7 12. Qc2 d5 13. Ncd2 Nxd2 14. Bxd2 e5 15.
dxe5 Nxe5 16. Nxe5 Bxe5 17. g3 Rad8 18. Bf1 h5 19. Bg2 h4 20. e4 hxg3 21. hxg3
dxe4 22. Bg5 Rd3 23. Bxe4 Bxe4 24. Rxe4 Rd5 25. Rae1 Bxg3 26. Re7 Rxg5 27. Rxc7
Bxc7+ 28. Kf1 Kg7 29. Re7 Bh2 30. Qd3 Rh8 31. Qd7 Rf5 32. Re3 Rh4 33. Qd8 Rh8
34. Qd7 1/2-1/2

[Event "C.to Provinciale AP-MC"]
[Site "Morrovalle ITA"]
[Date "2004.05.23"]
[Round "5"]
[White "Olivieri, Gianni"]
[Black "Perogio, Lorenzo"]
[Result "0-1"]
[WhiteElo "1664"]
[BlackElo "1808"]
[PlyCount "42"]
[EventDate "2004.05.15"]

1. d4 Nf6 2. c4 e6 3. e3 b6 4. Nc3 Bb7 5. a3 Be7 6. f3 Nc6 7. Bd3 O-O 8. Nge2
e5 9. O-O exd4 10. Nxd4 Nxd4 11. exd4 d5 12. b3 c5 13. Ne2 cxd4 14. Nxd4 dxc4
15. Bxc4 Bc5 16. Bb2 b5 17. b4 Bxd4+ 18. Qxd4 Qxd4+ 19. Bxd4 bxc4 20. Rac1 Rfd8
21. Bxf6 gxf6 0-1

[Event "C.to Provinciale AP-MC"]
[Site "Morrovalle ITA"]
[Date "2004.05.23"]
[Round "6"]
[White "Giobbi, Costantino"]
[Black "Olivieri, Gianni"]
[Result "1-0"]
[WhiteElo "1867"]
[BlackElo "1664"]
[PlyCount "93"]
[EventDate "2004.05.15"]

1. e4 d6 2. d4 g6 3. Nc3 Bg7 4. Nf3 Nf6 5. Bd3 O-O 6. O-O Nbd7 7. Qe2 e5 8.
dxe5 dxe5 9. Rd1 Ne8 10. Bc4 Nd6 11. Bb3 Kh8 12. a3 Nc5 13. Ba2 f5 14. exf5
Bxf5 15. Bg5 Qe8 16. Nd5 Nb5 17. h3 c6 18. Nc3 Nxc3 19. bxc3 e4 20. Nd4 Ne6 21.
Bxe6 Bxe6 22. Qxe4 Bf5 23. Qh4 Qe4 24. Re1 Qxh4 25. Bxh4 Rae8 26. Rab1 Rxe1+
27. Rxe1 Rf7 28. g4 Bxd4 29. cxd4 Bxc2 30. Bg3 Kg8 31. Bd6 a5 32. Re8+ Kg7 33.
Be5+ Kh6 34. f4 b5 35. Kh2 g5 36. Re6+ Bg6 37. f5 b4 38. axb4 axb4 39. Rxc6 b3
40. Rb6 Ra7 41. Rxb3 Ra2+ 42. Kg3 Bf7 43. Rb6+ Bg6 44. fxg6 Ra3+ 45. Kg2 Ra2+
46. Kf3 hxg6 47. Rb8 1-0

[Event "C.to Provinciale AP-MC"]
[Site "Morrovalle ITA"]
[Date "2004.05.23"]
[Round "6"]
[White "Perogio, Lorenzo"]
[Black "Fratini, Mauro"]
[Result "1/2-1/2"]
[WhiteElo "1808"]
[BlackElo "1787"]
[PlyCount "93"]
[EventDate "2004.05.15"]

1. e4 d5 2. exd5 Qxd5 3. Nc3 Qa5 4. d4 Nf6 5. Bd2 c6 6. Be2 Qb6 7. Bc1 Bf5 8.
Nf3 e6 9. O-O Bd6 10. Nh4 Bg6 11. b3 Nbd7 12. g3 Ne4 13. Nxe4 Bxe4 14. Bb2 Nf6
15. c4 Qc7 16. Qd2 h6 17. Rfe1 a5 18. Bc3 O-O 19. d5 e5 20. f4 cxd5 21. fxe5
Bxe5 22. Bxe5 Qxe5 23. cxd5 Bxd5 24. Bc4 Qd6 25. Bxd5 Qxd5 26. Qxd5 Nxd5 27.
Re5 Nb4 28. Re7 b6 29. Nf5 Rfd8 30. Rf1 Nd5 31. Rb7 Rab8 32. Ra7 Rf8 33. Rd1
Nb4 34. Ne7+ Kh7 35. Rd2 Rbd8 36. Rf2 g6 37. Rf6 Kg7 38. Rxb6 Nxa2 39. Rxa5 Nc3
40. Ra7 Ne4 41. Nxg6 Rd2 42. Nxf8 Kxf8 43. Rbb7 Ng5 44. h4 Nf3+ 45. Kf1 Nh2+
46. Ke1 Nf3+ 47. Kf1 1/2-1/2

[Event "X Torneo Leonardo di Bona B"]
[Site "Cutro ITA"]
[Date "2004.04.25"]
[Round "1"]
[White "Forlano, Luigi"]
[Black "Olivo, Gaetano"]
[Result "1-0"]
[WhiteElo "1924"]
[BlackElo "1598"]
[PlyCount "59"]
[EventDate "2004.04.25"]

1. Nf3 Nf6 2. c4 c5 3. Nc3 Nc6 4. g3 g6 5. Bg2 Bg7 6. O-O O-O 7. d4 cxd4 8.
Nxd4 e5 9. Ndb5 Ne8 10. Nd5 a6 11. Nbc3 Rb8 12. a4 f5 13. b4 d6 14. b5 Ne7 15.
Bg5 Rf7 16. Nxe7+ Rxe7 17. Nd5 Bf8 18. bxa6 h6 19. Nxe7+ Bxe7 20. Bxe7 Qxe7 21.
axb7 Bxb7 22. Bxb7 Rxb7 23. Qd5+ Kg7 24. Rfb1 Rc7 25. Rb6 Rd7 26. a5 Nf6 27.
Qb5 f4 28. a6 fxg3 29. hxg3 Ne4 30. Qxd7 1-0

[Event "X Torneo Leonardo di Bona B"]
[Site "Cutro ITA"]
[Date "2004.04.25"]
[Round "1"]
[White "Frontera, Domenico"]
[Black "Meli, Massimo"]
[Result "0-1"]
[WhiteElo "1575"]
[BlackElo "1829"]
[PlyCount "51"]
[EventDate "2004.04.25"]

1. e4 e5 2. Nf3 Nc6 3. Nc3 Nf6 4. d4 exd4 5. Nxd4 Bb4 6. Nxc6 Bxc3+ 7. bxc3
bxc6 8. Bd3 Qe7 9. O-O O-O 10. Bg5 Qe5 11. f4 Qxc3 12. e5 Qd4+ 13. Kh1 Ne4 14.
Bh4 c5 15. Qf3 Bb7 16. Qg4 Rfe8 17. Rae1 Rxe5 18. Bxe4 Rxe4 19. Rd1 Qc4 20. Bf6
g6 21. Qg5 Kf8 22. Qh6+ Ke8 23. Qxh7 d6 24. f5 Re2 25. Qh8+ Kd7 26. Qh3 0-1

[Event "X Torneo Leonardo di Bona B"]
[Site "Cutro ITA"]
[Date "2004.04.25"]
[Round "1"]
[White "Frontera, Giuseppe"]
[Black "Benintende, Vittorio"]
[Result "1-0"]
[WhiteElo "1835"]
[BlackElo "1580"]
[PlyCount "82"]
[EventDate "2004.04.25"]

1. e4 e5 2. Nf3 Nc6 3. d4 d6 4. dxe5 Nxe5 5. Nxe5 dxe5 6. Qxd8+ Kxd8 7. Bc4 f6
8. O-O c6 9. Be3 Kc7 10. Nd2 Nh6 11. Bxh6 gxh6 12. Nf3 Bd7 13. Rad1 Rd8 14. Rd2
Be8 15. Rxd8 Kxd8 16. Rd1+ Kc7 17. Be6 Bd6 18. Nh4 Bg6 19. Bf5 Rg8 20. Rd3 Bf7
21. b3 Rg7 22. Kf1 Bg8 23. Bh3 Bf8 24. Rf3 Bc5 25. Rd3 h5 26. g3 Re7 27. Ke2
Be6 28. Bf5 Bxf5 29. Nxf5 Rf7 30. c3 a5 31. h3 Kc8 32. Rf3 Bf8 33. Nh4 Kd7 34.
Rf5 Ke6 35. Rxh5 Bc5 36. Rf5 Rd7 37. Rf3 b5 38. Nf5 b4 39. g4 bxc3 40. Rxc3
Bxf2 41. Kxf2 Rd2+ 1-0

[Event "X Torneo Leonardo di Bona B"]
[Site "Cutro ITA"]
[Date "2004.04.25"]
[Round "1"]
[White "Levato, Biagio"]
[Black "Ielapi, Vito"]
[Result "0-1"]
[WhiteElo "1585"]
[BlackElo "1842"]
[PlyCount "68"]
[EventDate "2004.04.25"]

1. Nf3 Nf6 2. d3 Nc6 3. g3 e5 4. e4 Be7 5. Bg2 O-O 6. O-O d6 7. Nbd2 Bg4 8. c3
Qd7 9. a4 Rad8 10. Qc2 Bh3 11. d4 Bxg2 12. Kxg2 h6 13. h4 Nh5 14. Rh1 Qg4 15.
Kf1 Bf6 16. d5 Ne7 17. Qd3 c6 18. Nh2 Qh3+ 19. Ke1 g6 20. Qf3 Qd7 21. Ng4 Bg7
22. Nc4 cxd5 23. Nxh6+ Bxh6 24. Bxh6 Rfe8 25. Nd2 dxe4 26. Nxe4 f5 27. Nd2 d5
28. Rg1 d4 29. Nc4 e4 30. Qd1 Qe6 31. Nd2 e3 32. fxe3 dxe3 33. Qe2 exd2+ 34.
Kd1 Qb3# 0-1

[Event "X Torneo Leonardo di Bona B"]
[Site "Cutro ITA"]
[Date "2004.04.25"]
[Round "1"]
[White "Longo, Giuseppe"]
[Black "Rotunno, Giuseppe"]
[Result "0-1"]
[WhiteElo "1619"]
[BlackElo "1946"]
[PlyCount "110"]
[EventDate "2004.04.25"]

1. d4 d5 2. Nf3 c6 3. c3 h6 4. e3 Bf5 5. Bd3 Bxd3 6. Qxd3 Nf6 7. Nbd2 e6 8. O-O
Bd6 9. e4 dxe4 10. Nxe4 Nxe4 11. Qxe4 Nd7 12. h3 Qf6 13. Re1 g5 14. Ne5 O-O-O
15. Re3 Qe7 16. Qc2 h5 17. a4 g4 18. f4 gxf3 19. Nxf3 Rdg8 20. Re2 Qf6 21. Qe4
Rg3 22. Ne5 Qg7 23. Kh1 Rg8 24. Bf4 Rxh3+ 25. gxh3 Nf6 26. Qf3 Qh7 27. Rg1
Rxg1+ 28. Kxg1 Qf5 29. Kg2 Nd5 30. Re4 f6 31. Nd3 Qg6+ 32. Kf2 f5 33. Re1 Be7
34. Rg1 Bh4+ 35. Bg3 Bg5 36. h4 Be3+ 37. Kf1 f4 38. Bf2 Qxd3+ 39. Qe2 Qb1+ 40.
Kg2 Qe4+ 41. Kh2 Nf6 42. Bxe3 fxe3 43. Kh3 Nd5 44. Qe1 Nf4+ 45. Kg3 e2 46. Qf2
Nd3 47. Qf8+ Kd7 48. Qf7+ Kd6 49. Qf8+ Kd5 50. Qd8+ Kc4 51. b3+ Kxb3 52. Qe7
e1=Q+ 53. Rxe1 Qxe1+ 54. Kf3 Qf2+ 55. Ke4 Qe2# 0-1

[Event "X Torneo Leonardo di Bona B"]
[Site "Cutro ITA"]
[Date "2004.04.25"]
[Round "1"]
[White "Morelli, Gaetano"]
[Black "Macri', Giuseppe"]
[Result "1-0"]
[WhiteElo "1816"]
[BlackElo "1563"]
[PlyCount "31"]
[EventDate "2004.04.25"]

1. e4 e5 2. Nf3 Nc6 3. Bc4 Nf6 4. Ng5 d5 5. exd5 Nxd5 6. Nxf7 Kxf7 7. Qf3+ Ke6
8. Nc3 Ncb4 9. a3 Nxc2+ 10. Kd1 Nxa1 11. Bxd5+ Kd6 12. Nb5+ Kc5 13. b4+ Kxb5
14. a4+ Kxa4 15. Qa3+ Kb5 16. Qa5# 1-0

[Event "X Torneo Leonardo di Bona B"]
[Site "Cutro ITA"]
[Date "2004.04.25"]
[Round "1"]
[White "Parrotta, Daniele"]
[Black "Crisa', Francesco Maria"]
[Result "1-0"]
[WhiteElo "1976"]
[BlackElo "1637"]
[PlyCount "29"]
[EventDate "2004.04.25"]

1. e4 c6 2. Nc3 d5 3. Qf3 e6 4. e5 Bb4 5. d4 Nd7 6. a3 Ba5 7. b4 Bb6 8. Be3 Ne7
9. Bd3 a5 10. Rb1 Nxe5 11. dxe5 Bxe3 12. fxe3 d4 13. Ne4 Nd5 14. Ne2 Nxe3 15.
Nd6+ 1-0